LEADER 01991nam a2200433 a 4500 001 000000012017 003 CaOOAMICUS 005 20100611120732.0 008 941125s1984 be u000 u lat r 020 $a2503035922 (pbk.) 020 $a2503035914 (hard) 020 $a2-503-03591-4(bound) 035 $a10292585 040 $aPUL(R)$bita$delep 041 0 $alat$ager 100 0 $aBeatus,$cs., prete di Liébana,$dm. 798.$0(OLS)http://pul/name/11507 240 10$aEpistula ad Elipandum.$lLatino.$0(OLS)http://pul/title/17411 245 10$aBeati Liebanensis et Eterii Oxomensis Adversus Elipandum libri duo /$cedidit Bengt Löfstedt. 246 30$aAdversus Elipandum libri duo 260 $aTurnholti :$bBrepols,$c1984. 300 $axxi, 182 p. ;$c25 cm 490 1 $aCorpus Christianorum.$aContinuatio Mediaevalis ;$v59 500 $aInclude indici. 504 $aInclude riferimenti bibliografici. 546 $aTesto in latino, introduzione in tedesco. 700 1 $aLöfstedt, Bengt.$0(OLS)http://pul/name/6218 700 0 $aEterio,$cvesc. di Osma,$dsec. VIII.$0(OLS)http://pul/name/11508 830 0$aCorpus Christianorum.$pContinuatio Mediaevalis ;$v59.$0(OLS)http://pul/title/6 850 $aPUL 852 $aPUL$W1$xSL Cons. Gen., Altre Classi 1$y1$m2008 B 1.59$j140282$nBK-PRI$qStampati$B16932$CPULBib$Z2$F16932 $H52399 $82 900 $aBeato,$cs., prete di Liébana,$dm. 798$911507 900 $aBeato di Liébana,$cs.,$dm. 798$911507 941 1 $a8 996 $6020$a2503035922 (pbk.)$9(OLS)http://pul/number/15368 996 $6020$a2503035914 (hard)$9(OLS)http://pul/number/15369 996 $6020$a2-503-03591-4(bound)$9(OLS)http://pul/number/15370 996 $6245$aBeati Liebanensis et Eterii Oxomensis Adversus Elipandum libri duo$9(OLS)http://pul/title/17412 996 $6246$aAdversus Elipandum libri duo$9(OLS)http://pul/title/17413 996 $6260$aTurnholti :$bBrepols$9(OLS)http://pul/publisher/47842 LEADER 01385cam a2200313 a 4500 001 000000138545 003 CaOOAMICUS 005 20140528103340.0 008 140528s2013 enk b 000 u eng r 020 $z9781780932170* 040 $aPUL$bita 082 04$a262.1 100 1 $aFear, Andrew.$0(OLS)http://pul/name/89313 245 14$aThe role of the bishop in late antiquity :$bconflict and compromise /$cAndrew Fear, José Fernández Ubiña and Mar Marcos. 260 $aLondon, New York :$bBloomsbury ,$c2013. 300 $aix, 270 p. ;$c24 cm 504 $aBibliografia in nota. 650 4$aEpiscopato$xStoria.$0(OLS)http://pul/subject/40433 650 4$aChiesa$xStoria$yChiesa primitiva, ca. 30-600.$0(OLS)http://pul/subject/93 700 1 $aFernández Ubiña, José.$0(OLS)http://pul/name/89314 700 1 $aMarcos, Mar.$0(OLS)http://pul/name/26496 850 $aPUL 852 $aPUL$W1$xSL Religione 3$y85$m262. 1 FEAAN 1$j159855$qDDC 21$B159359$CPULBib$Z2$F159359 $H124121 $82 941 1 $a9 996 $6020$z9781780932170*$9(OLS)http://pul/number/155344 996 $6082$a262.1$9(OLS)http://pul/classification/2551 996 $6245$aThe role of the bishop in late antiquity :$bconflict and compromise$9(OLS)http://pul/title/175389 996 $6260$aLondon, New York :$bBloomsbury $9(OLS)http://pul/publisher/82684